000 01247cam a2200241 4500
001 J128955
008 050307n1940 000 0 eng u
035 _a(Sirsi) u128955
041 _aeng
050 _a720
_c18
100 _aGater, George
_cSir
245 _aSurvey of London volume 20
_bTrafalgar Square and neighbourhood
_cthe Parish of St Martin-in-the-Fields part three
260 _aLondon
_bLondon County Council
_c1940
300 _axxi, 147p.
_bill.
_c30cm.
490 _aSurvey of London Main Series
_v20
520 _aThis volume of the "Survey of London", English Heritage's detailed architectural and topographical study, describes buildings in and around Trafalgar Square (including many which have been demolished or rebuilt), explaining how they came into being and outlining their significance and historical associations. This earlier volume is highly selective and includes few buildings erected after 1800. Includes photographs and maps together with plans, sections and elevations of selected buildings.
590 _aSOL
690 _aBUILT ENVIRONMENT-CONSTRUCTION DESIGN
700 _aHiorns, F. R.
700 _aGater, George
_cSir
_xGeneral Editor
700 _aGodfrey, Walter H.
_xGeneral Editor
942 _n0
999 _c104043
_d104043